[Event "DSOL 06 Liga Gr-C 1st"]
[Site "Playchess.com INT"]
[Date "2020.07.23"]
[Round "5.2"]
[White "Denner, Dirk"]
[Black "Stark, Klaus"]
[Result "0-1"]
[WhiteElo "1231"]
[BlackElo "1525"]
[PlyCount "56"]
[EventDate "2020.06.22"]
[EventType "team-tourn (rapid)"]
[EventCountry "GER"]
[SourceTitle "EXT 2021"]
[Source "ChessBase"]
[SourceDate "2020.10.23"]
[SourceVersion "1"]
[SourceVersionDate "2020.10.23"]
[SourceQuality "1"]
[WhiteTeam "Vohwinkel"]
[BlackTeam "Bad Salzuflen Caissa"]
[WhiteTeamCountry "GER"]
[BlackTeamCountry "GER"]

1. d4 d5 2. c4 e6 3. Nc3 Nf6 4. a3 Be7 5. Bf4 0-0 6. Nf3 b6 7. e3 c5 8. Be2 Nc6 9. 0-0 h6 10. Ne5 Bb7 11. Ng4 Nxg4 12. Bxg4 cxd4 13. exd4 dxc4 14. d5 exd5 15. Nxd5 Ne5 16. Bxe5 Qxd5 17. Qxd5 Bxd5 18. Bc3 Rad8 19. Rfe1 Bc5 20. Re2 Rfe8 21. Rae1 Bc6 22. Rxe8+ Rxe8 23. Rxe8+ Bxe8 24. Bd1 Bc6 25. Be5 f6 26. Bb8 a5 27. Bc7 Bd4 28. Bxb6 Bxb6 0-1